Constitutional Protection to Third Gender (Record no. 1715758)

MARC details
000 -LEADER
fixed length control field 00393nam a22001337a 4500
005 - DATE AND TIME OF LATEST TRANSACTION
control field 20260319121541.0
008 - FIXED-LENGTH DATA ELEMENTS--GENERAL INFORMATION
fixed length control field 260319b |||||||| |||| 00| 0 eng d
040 ## - CATALOGING SOURCE
Transcribing agency FLL
041 ## - LANGUAGE CODE
Source of code eng
Language code of text/sound track or separate title eng
100 ## - MAIN ENTRY--PERSONAL NAME
Personal name Yadav, Pooja
245 ## - TITLE STATEMENT
Title Constitutional Protection to Third Gender
Remainder of title An Analysis of Rights, Schemes and Prospects
260 ## - PUBLICATION, DISTRIBUTION, ETC.
Place of publication, distribution, etc. DU
Name of publisher, distributor, etc. Faculty of Law
Date of publication, distribution, etc. 2023
942 ## - ADDED ENTRY ELEMENTS (KOHA)
Source of classification or shelving scheme Colon Classification (CC)
Koha item type Dissertations
100 ## - MAIN ENTRY--PERSONAL NAME
-- 1132539
999 ## -
-- 1715758
-- 1715758
Holdings
Withdrawn status Lost status Source of classification or shelving scheme Damaged status Not for loan Home library Current library Date acquired Source of acquisition Total checkouts Barcode Date last seen Copy number Price effective from Koha item type
    Colon Classification (CC)     Faculty of Law Library Faculty of Law Library 2026-03-19 Faculty of Law   LLD015120 2026-03-19 1 2026-03-19 Dissertations
Copyright @ Delhi University Library System